000 00642cam a2200205 4500500
005 20260405003956.0
041 _afre
042 _adc
100 1 0 _ade Oliveira, Victorine
_eauthor
245 0 0 _aEdward Saïd : déconstruire l’Orient, reconstruire la Palestine
260 _c2025.
500 _a2
690 _aColonialisme
690 _aEdward Said
690 _aOrient
690 _aOrientalisme
690 _aPalestine
786 0 _nPhilosophie magazine | 194 | 11 | 2025-11-01 | p. 125-135 | 1951-1787
856 4 1 _uhttps://shs.cairn.info/magazine-philosophie-magazine-2025-11-page-125?lang=fr&redirect-ssocas=7080
999 _c2072577
_d2072577